Etiqueta de registo: 00000nam 2200025 450
001 2088011
003 http://id.bnportugal.gov.pt/bib/catbnp/2088011
010 ## $a978-989-23-5213-8
021 ## $aPT$b486928/21
100 ## $a20211221d2021 cd y0pory01030103ba
101 1# $apor$ceng
102 ## $aPT
105 ## $aa z 000fy
106 ## $ar
200 1# $aDicionário ilustrado dos insultos do Capitão Haddock$fAlbert Algoud$gtrad. e adapt. João Magalhães Guedes
205 ## $a1ª ed
210 #9 $aAlfragide$cASA,$d2021
215 ## $a93, [1] p.$cil.$d15 cm
304 ## $aTít. org.: L'intégrale des jurons du Capitaine Haddock
675 ## $a821.133.1(493)Hergé.09(038)$vBN$zpor$31829574
700 #1 $aAlgoud,$bAlbert,$f1950-$31829323
702 #1 $aGuedes,$bJoão Magalhães$4730$3223544
801 #0 $aPT$bBN$gRPC
856 41 $uhttp://rnod.bnportugal.gov.pt/ImagesBN/winlibimg.aspx?skey=&doc=2088011&img=158839&save=true
900 ## $aBIBNAC$d20211229
966 ## $lBN$mFGMON$sL. 117320 P.$x1
966 ## $lBN$mFGMON$sL. 117320 P.-D$x1
971 ## $ccsilva$d20211221
972 ## $e0$d20211229$vasantos
973 ## $csteixeira$d20211222
974 ## $d20211223$e0$vrsimoes
975 ## $e0$d20211230$visabelm
Etiqueta de registo: 00254nam 2200025 450
001 2154653
003 http://id.bnportugal.gov.pt/bib/catbnp/2154653
010 ## $a978-989-23-5933-5
021 ## $aPT$b521055/23
100 ## $a20240130d2023 a y0pory01030103ba
101 1# $apor$cfre
102 ## $aPT
105 ## $aa z 000fy
106 ## $ar
200 1# $aDicionário ilustrado do Professor Girassol$fAlbert Algoud$gtrad. e adapt. João Magalhães Guedes
205 ## $a1ª ed
210 #9 $aAlfragide$cASA,$d2023
215 ## $a95, [1] p.$cil.$d15 cm
304 ## $aTít. orig.: Le Tournesol illustré
675 ## $a821.133.1(493)Hergé.09(038)$vBN$zpor$31829574
700 #1 $aAlgoud,$bAlbert,$f1950-$31829323
702 #1 $aGuedes,$bJoão Magalhães$4730$3223544
801 #0 $aPT$bBN$gRPC
856 41 $uhttp://rnod.bnportugal.gov.pt/ImagesBN/winlibimg.aspx?skey=&doc=2154653&img=188430&save=true
900 ## $aBIBNAC$d20240308
966 ## $lBN$mFGMON$sL. 120756 P.$x1
966 ## $lBN$mFGMON$sL. 120756 P.-D$x1
971 ## $casantos$d20240130
972 ## $e0$z0$d20240308$vasantos
973 ## $canasil$d20240131
Etiqueta de registo: 00254nam 2200025 450
001 2285242
003 http://id.bnportugal.gov.pt/bib/catbnp/2285242
010 ## $a2-203-01712-0
021 ## $aBE$baoût 1994
100 ## $a20260426d1994 m y0pory01030103ba
101 0# $afre
102 ## $aBE
105 ## $ay z 000yy
106 ## $ar
200 1# $aLe Tournesol illustré$fAlbert Algoud$g[d'après l'oeuvre de Hergé]
210 #9 $aTournai$cCasterman,$d1994
215 ## $a96 p.$cill. color$d22x16 cm
225 2# $aBibliothèque de Moulinsart
300 ## $aDicionário humorístico e enciclopédico sobre o Professor Girassol
317 ## $aColeção Leandro de Moraes Sarmento$5L.M.S. 860
606 ## $aBanda desenhada$xPersonagens$2SIPOR$31996904
675 ## $a741.5$vBN$zpor$3793872
700 #1 $aAlgoud,$bAlbert,$f1950-$31829323
702 #0 $aHergé,$cpseud.$4100$333124
801 #0 $aPT$bBN$gRPC
966 ## $lBN$mFGMON$pBiblioteca particular Leandro de Moraes Sarmento$sL.M.S. 860 $x3